000 00318nam a2200133Ia 4500
100 _aAnderson B & others
942 _cBK
654 _aUnix programming
245 _aUnix Communication and the Internet
260 _bPrentice Hall of India
_aNew Delhi
_c1995
300 _a817
546 _aENGLISH
999 _c22060
_d22060